000 00730nam a2200289Ia 4500
005 20260324121605.0
008 008 260324s9999 xx 000 0 eng d
020 _a9781315612096
037 _aEBOOK
040 _aCRL
040 _beng
040 _cCRL
041 _2eng
041 _aeng
084 _qCRL
100 _aStephen A. Harmon
_91163100
245 0 _aTerror and Insurgency in the Sahara-Sahel Region
245 0 _bCorruption, Contraband, Jihad and the Mali War of 2012-2013
260 _bTaylor and Francis
260 _c2014
365 _a
365 _b230
856 _uhttp://www.taylorfrancis.com/books/9781315612096
942 _cEBOOK
999 _c1755313
_d1755313